Maqasidul Falasifa Li Hujjatul Islam (Record no. 1526)

MARC details
000 -LEADER
fixed length control field 00624nam a2200241 a 4500
020 ## - INTERNATIONAL STANDARD BOOK NUMBER
ISBN
082 00 - DEWEY DECIMAL CLASSIFICATION NUMBER
Classification number 181.07
Author Cutter GHA2
100 ## - MAIN ENTRY--AUTHOR NAME
Author name Ghazali, Al
245 ## - TITLE STATEMENT
Title Maqasidul Falasifa Li Hujjatul Islam
260 ## - PUBLICATION, DISTRIBUTION, ETC. (IMPRINT)
Place of publication Egyptn
Name of publisher Saadat Press
Year of publication 0000
300 ## - PHYSICAL DESCRIPTION
Number of Pages 328p
500 ## - GENERAL NOTE
General note includes index and biblioraphy
505 2# - FORMATTED CONTENTS NOTE
Formatted contents note 12 Volumes in Bounded in Six Volumes
650 ## - SUBJECT ADDED ENTRY--TOPICAL TERM
Topical Term Philosophy-Islamic-Al-Jawini
650 ## - SUBJECT ADDED ENTRY--TOPICAL TERM
Topical Term Al-Ghazali-Philosophy
942 ## - ADDED ENTRY ELEMENTS (KOHA)
Koha item type Books
Holdings
Collection code Home library Current library Date acquired Cost, normal purchase price Full call number Accession Number Koha item type
  Henry Martyn Institute Library Henry Martyn Institute Library 03/16/2007 100.00 181.07 GHA2 04648 Books
                   Copyright © 2026 | Henry Martyn Institute | Hyderabad | TS-500052 | INDIA | Implemented by hmi.edu.in
Hit-Count:

Powered by Koha